000 00217nam a2200097Ia 4500
008 230605s9999 xx 000 0 und d
041 _aeng
100 _avaz
245 _amarketing managment (vaz new
650 _aM.M.
999 _c417271
_d417271